| 000 | 00351 a2200157 4500 | ||
|---|---|---|---|
| 001 | 151796 | ||
| 040 | _cEscola São Tomás de Aquino | ||
| 100 | _aPELLEGRINI, Domingos | ||
| 240 | 1 | 0 |
_aQuestão de honra _lpor |
| 245 | 1 | 0 | _aQuestão de honra |
| 300 | _a143 | ||
| 362 | 0 | _a1999 | |
| 440 | 1 | _aModerna | |
| 697 | _a*LITERATURA JUVENIL | ||
| 942 | _cBK | ||
| 999 |
_c151796 _d151796 |
||